000
00309nam a2200133Ia 4500
008
150201s2004 xx 000 0 und d
082
_a
616.07
_b
P04D
100
_a
DATTA,B.N.
245
_a
TB OF PATHOLOGY
250
_a
2ND
260
_b
JAYPEE BROTHERS
_a
DELHI
_c
2004
650
_a
PATHOLOGY
942
_2
ddc
_c
BK
999
_c
1228
_d
1228